Study Guide for Use with Production/Operations Management by William Jvan Ness Stevenson and Paul Van Ness

Saved in:
Bibliographic Details
Main Author: Locks, Mitchell O.
Format: Book
Language:English
Published: Homewood Irwin 1990
Edition:3. ed.
Subjects:
Tags: Add Tag
No Tags, Be the first to tag this record!

MARC

LEADER 00000nam a2200000 4500
001 c006166
005 20221206123051.2
020 |a 0-256-08212-X 
041 0 |a eng 
044 |a US 
245 1 0 |a Study Guide for Use with Production/Operations Management by William Jvan Ness Stevenson and Paul Van Ness  |c Mitchell O. Locks 
250 |a 3. ed. 
264 1 |a Homewood  |b Irwin  |c 1990 
300 |a 342 s. 
610 2 0 |a výroba 
610 2 0 |a manažment 
610 2 0 |a rozhodovanie 
610 2 0 |a prognózovanie 
610 2 0 |a systémy výrobné 
610 2 0 |a kontrola 
610 2 0 |a plánovanie 
610 2 0 |a príručky 
610 2 0 |a analýza finančná 
100 1 |a Locks, Mitchell O.